Now and the near future prophesied / (Record no. 5394)

MARC details
000 -LEADER
fixed length control field 00487nam a22001817a 4500
003 - CONTROL NUMBER IDENTIFIER
control field GBCCL
005 - DATE AND TIME OF LATEST TRANSACTION
control field 20241126110540.0
008 - FIXED-LENGTH DATA ELEMENTS--GENERAL INFORMATION
fixed length control field 180316b ||||| |||| 00| 0 eng d
040 ## - CATALOGING SOURCE
Transcribing agency gbc
082 ## - DEWEY DECIMAL CLASSIFICATION NUMBER
Classification number 236
Item number STA
100 ## - MAIN ENTRY--PERSONAL NAME
Relationship Stanton, Don E.
245 ## - TITLE STATEMENT
Title Now and the near future prophesied /
Statement of responsibility, etc. Don E. Stanton
260 ## - PUBLICATION, DISTRIBUTION, ETC.
Place of publication, distribution, etc. Simla:
Name of publisher, distributor, etc. Maranatha Revival Crusade,
Date of publication, distribution, etc. 1972
300 ## - PHYSICAL DESCRIPTION
Extent 164 p.;
Other physical details ill.,
Dimensions 18 cm.
650 ## - SUBJECT ADDED ENTRY--TOPICAL TERM
Topical term or geographic name entry element Prophecy
9 (RLIN) 2353
650 ## - SUBJECT ADDED ENTRY--TOPICAL TERM
Topical term or geographic name entry element Eschatology
9 (RLIN) 2009
942 ## - ADDED ENTRY ELEMENTS (KOHA)
Source of classification or shelving scheme Dewey Decimal Classification
Koha item type Books
Koha issues (borrowed), all copies 9
Holdings
Withdrawn status Lost status Source of classification or shelving scheme Damaged status Not for loan Home library Current Library Shelving location Date acquired Total checkouts Full call number Barcode Date last seen Date last checked out Copy number Price effective from Koha item type
    Dewey Decimal Classification     GRACE BIBLE COLLEGE GRACE BIBLE COLLEGE Theology 2018-03-16 1 236 STA 000619 2025-05-01 2022-09-02 c.3 2018-03-16 Books
    Dewey Decimal Classification     GRACE BIBLE COLLEGE GRACE BIBLE COLLEGE Theology 2018-03-20   236 STA 000622 2025-05-01   c.4 2018-03-20 Books
    Dewey Decimal Classification     GRACE BIBLE COLLEGE GRACE BIBLE COLLEGE Theology 2018-03-20 2 236 STA 000624 2025-05-01 2022-09-02 c.5 2018-03-20 Books
    Dewey Decimal Classification     GRACE BIBLE COLLEGE GRACE BIBLE COLLEGE Theology 2018-03-20 5 236 STA 000625 2025-05-01 2022-09-07 c.6 2018-03-20 Books
    Dewey Decimal Classification     GRACE BIBLE COLLEGE GRACE BIBLE COLLEGE Theology 2018-03-20 1 236 STA 000504 2025-05-01 2022-09-01 c.1 2018-03-20 Books
    Dewey Decimal Classification     GRACE BIBLE COLLEGE GRACE BIBLE COLLEGE Theology 2018-03-20   236 STA 000522 2025-05-01   c.2 2018-03-20 Books
© Grace Bible College Library 2025